Movies on a Last Name Basis Quiz Stats

 Plays Quiz not verified by Sporcle

Challenge
Share
Tweet
Embed
Score 0/25 Timer 05:00
1 Play Today
% Correct
Abraham
96.3%
Charlie
96.2%
Muhammad
95.4%
Jason
94%
Ebenezer
93.2%
Mohandas
91.6%
Truman
85.4%
Danny
84.7%
John
82.9%
Harvey
81.7%
Jimmy
79.9%
Derek
79.7%
George
77.3%
% Correct
James
67.1%
Evelyn
61.8%
Auric
61.7%
Frank
58.9%
Karen
55.2%
Bret
50.6%
Longfellow
49.3%
Alex
48.2%
Richard
40.5%
Conrad
40.1%
Chesley
36.3%
Irwin
33.1%

You're not logged in!

Compare scores with friends on all Sporcle quizzes.
OR
Log In

You Might Also Like...

Show Comments

Extras

Top Quizzes Today


Score Distribution

Your Account Isn't Verified!

In order to create a playlist on Sporcle, you need to verify the email address you used during registration. Go to your Sporcle Settings to finish the process.

Report this User

Report this user for behavior that violates our Community Guidelines.

Details: